000 00288nam a22001457a 4500
008 230529b ||||| |||| 00| 0 eng d
020 _a123750
041 _aFRA
080 _a82
082 _a82
100 _a38
101 _aGJL
245 _aAMNESIA
_cMERCER .J
942 _2udc
_cBK
999 _c59869
_d59869